02104cam a2200229Ia 4500020001500000040000800015082002600023245011100049260007500160300007000235500011700305500027300422520097700695650002601672650002601698650002001724650001501744700001901759700001901778700001701797710006001814 a9251050694 cFQG a338 FOO 2003 A077 Or.00aSouthland :ba case study-based training exercise in policy analysis for the agricultural and rural sector aRome :bFood and Agriculture Organization of the United Nations,c2003 avi, 112 p. ;c30 cm. +e1 computer laser optical disc (4 3/4 in.) aPreliminary versions authored by Jonathan Kydd. Updated and finalized by Materne Maetz and edited by Julia Heath aThe accompanying CD-ROM, located in back pocket, contains the full text of the "Southland case study" in HTML and PDF formats, as well as a series of Excel data files that can be used for conducting quantitative analysis of selected statistics of the imaginary country aThe "Southland case study" is designed for a group of participants in a course on agricultural policy to mobilize their knowledge and skills on a fictitious country simulating many of the problems faced by developing countries. Based on realistic information on the country, presented in a set of documents collected from various sources and on a set of statistical tables, participants are asked to prepare a note outlining the key policy and institutional issues faced by the country and make proposals on how they can be addressed. This case study, developed in the early 1990s, has evolved as the history of the fictitious "Southland" unfolded, following patterns similar to those of many developing countries. It has been successfully used on many occasions and in different locations. The material presented includes notes to participants and trainers, background information, studies, historical information, and a glossary of economic and institutional terminology 0aAgriculture and state 0aAgriculture and state 0aFarm management 0aRural poor1 aKydd, Jonathan1 aMaetz, Materne1 aHeath, Julia2 aFood and Agriculture Organization of the United Nations